|
|
|
|
| LEADER |
00786nam a2200217 a 4500 |
| 008 |
090602s2001 enka 000 0 eng d |
| 010 |
|
|
|a 2006102797
|
| 020 |
|
|
|a 0749434961
|
| 040 |
|
|
|a DLC
|c DLC
|d DLC
|
| 082 |
0 |
0 |
|a 650.076
|2 22
|
| 100 |
1 |
|
|a Bryon, Mike.
|
| 245 |
0 |
0 |
|a How to pass graduate psychometric tests /
|c Mike Bryon.
|
| 250 |
|
|
|a 2nd ed.
|
| 260 |
|
|
|a London ;
|a Milford :
|b Kogan Page,
|c 2001.
|
| 300 |
|
|
|a iv, 236 p. :
|b ill. ;
|c 22 cm.
|
| 541 |
1 |
|
|e 00011851
|
| 650 |
|
0 |
|a Employment tests
|v Study guides.
|
| 650 |
|
0 |
|a Psychometrics.
|
| 852 |
4 |
|
|a Ayesha Abed Library
|j General shelf
|
| 999 |
|
|
|c 1216
|d 1216
|
| 952 |
|
|
|0 0
|1 0
|2 ddc
|4 0
|6 650_076000000000000_BRY
|7 0
|9 1101
|a BRACUL
|b BRACUL
|c GEN
|d 2009-06-25
|g 754.00
|l 4
|m 20
|o 650.076 BRY
|p 3010011851
|r 2025-07-05
|s 2025-06-29
|t 1
|w 2009-06-25
|y BK
|x $8.99
|